| 000 | 00402nam a2200181Ia 4500 | ||
|---|---|---|---|
| 003 | OSt | ||
| 005 | 20251103155004.0 | ||
| 008 | 250729s2005 xx 000 0 und d | ||
| 040 | _cAL | ||
| 041 | _aeng | ||
| 082 | _a530 SARU | ||
| 100 |
_aSardana V _9223794 |
||
| 245 | _aFocus on a)the universe | ||
| 260 |
_aNew Delhi _c2005 |
||
| 300 | _a56p | ||
| 650 |
_aPhysics _9223795 |
||
| 942 |
_2ddc _cBED |
||
| 999 |
_c236085 _d236085 |
||